Statistiques concernant Arrêts de la ligne C21 de Lyon (TCL)

Cliquez ici pour prendre le quiz!

Statistiques générales

  • Ce quiz a été pris 16 fois
  • Le résultat moyen est 12 sur 26

Statistiques - réponses

ArrondissementArrêt% Correct
Lyon 9eGorge de Loup
92%
Lyon 2ePerrache
92%
Tassin-la-Demi-LuneMénival Sainte-Anne
69%
Tassin-la-Demi-LuneÉglise Demi-Lune
62%
Lyon 5ePoint du Jour
62%
Lyon 5eMénival Centre
54%
FranchevillePiscine d'Alaï
54%
Lyon 5eTrion
54%
Lyon 5eTrois Artichauts
54%
Tassin-la-Demi-LuneDemi-Lune Mairie
46%
Lyon 5eJoliot-Curie
46%
Lyon 5eLa Favorite
46%
Lyon 5eLes Battières
46%
Lyon 2ePont Kitchener RG
46%
Lyon 5eAlaï - La Raude
38%
Tassin-la-Demi-LuneCarrefour Libération
38%
Tassin-la-Demi-LuneDemi-Lune Vauboin
38%
Lyon 5eLes Pommières
38%
Lyon 5eLuzy
38%
Lyon 5eNicolas Sicard
38%
Lyon 5eSaint-Alexandre
38%
Lyon 5eChoulans - Tourelles
31%
Tassin-la-Demi-LuneDe Gaulle - Pont SNCF
31%
Lyon 9eLa Vallonnière
31%
Lyon 5eGénofévains
0%
Lyon 9eMontriboud
0%

Distribution des résultats

Percentile par nombre de réponses

% des personnes avec chaque résultat

Votre développement - résultats

Vous n’avez pas pris ce quiz